Quality control for the food industry: fundamentals and applications Vol 1 Revised Ed 3 (Record no. 169548)
[ view plain ]
| 000 -LEADER | |
|---|---|
| fixed length control field | 00714nam a2200241Ia 4500 |
| 003 - CONTROL NUMBER IDENTIFIER | |
| control field | OSt |
| 005 - DATE AND TIME OF LATEST TRANSACTION | |
| control field | 20230410145744.0 |
| 008 - FIXED-LENGTH DATA ELEMENTS--GENERAL INFORMATION | |
| fixed length control field | 210423s2017 xx 000 0 und d |
| 020 ## - INTERNATIONAL STANDARD BOOK NUMBER | |
| International Standard Book Number | 978-93-85998-53-9 |
| 040 ## - CATALOGING SOURCE | |
| Transcribing agency | AL |
| 041 ## - LANGUAGE CODE | |
| Language code of text/sound track or separate title | eng |
| 082 ## - DEWEY DECIMAL CLASSIFICATION NUMBER | |
| Classification number | 664.07 |
| Edition number | 23 |
| Item number | KRAQ |
| 100 ## - MAIN ENTRY--PERSONAL NAME | |
| Personal name | KRAMER (Amihud);TWIGG (Bernard A) |
| 9 (RLIN) | 85480 |
| 245 ## - TITLE STATEMENT | |
| Title | Quality control for the food industry: fundamentals and applications Vol 1 Revised Ed 3 |
| 250 ## - EDITION STATEMENT | |
| Edition statement | 3 |
| 260 ## - PUBLICATION, DISTRIBUTION, ETC. | |
| Place of publication, distribution, etc. | New Delhi |
| Name of publisher, distributor, etc. | Med Tech |
| Date of publication, distribution, etc. | 2017 |
| 300 ## - PHYSICAL DESCRIPTION | |
| Extent | v,556 |
| Other physical details | PB |
| 365 ## - TRADE PRICE | |
| Price amount | 995 |
| Currency code | INR |
| 440 ## - SERIES STATEMENT/ADDED ENTRY--TITLE | |
| Volume/sequential designation | 1 |
| 650 ## - SUBJECT ADDED ENTRY--TOPICAL TERM | |
| Topical term or geographic name entry element | Food Technology |
| 9 (RLIN) | 85481 |
| 906 ## - LOCAL DATA ELEMENT F, LDF (RLIN) | |
| a | applications ; control ; food ; fundamentals ; industry: ; Quality ; Revised ; Vol |
| 942 ## - ADDED ENTRY ELEMENTS (KOHA) | |
| Source of classification or shelving scheme | Dewey Decimal Classification |
| Koha item type | Book |
| Withdrawn status | Lost status | Damaged status | Not for loan | Collection code | Home library | Current library | Date acquired | Source of acquisition | Cost, normal purchase price | Total Checkouts | Full call number | Barcode | Date last seen | Price effective from | Koha item type |
|---|---|---|---|---|---|---|---|---|---|---|---|---|---|---|---|
| Food Science and Technology | St Aloysius PG Library | St Aloysius PG Library | 11/13/2018 | Intact Bookhouse | 995.00 | 664.07 KRAQ | PG016050 | 08/24/2022 | 04/26/2021 | Book |